Sports Quiz

Random Sports or NBA Quiz

Name the current NBA player Quiz Stats

 Plays Quiz not verified by Sporcle

Challenge
Share
Tweet
Score 0/20 Timer 10:00
0 Plays Today
% Correct
LeBron James
100%
Stephen Curry
11.1%
Kyrie Irving
3.7%
Kawhi Leonard
3.7%
Karl Anthony-Towns
3.7%
Giannis Antetokounmpo
0%
Kevin Durant
0%
Russell Westbrook
0%
Paul George
0%
Chris Paul
0%
% Correct
Anthony Davis
0%
Demarcus Cousins
0%
Damian Lillard
0%
Carmelo Anthony
0%
John Wall
0%
Lamarcus Aldridge
0%
James Harden
0%
Jimmy Butler
0%
Dwyane Wade
0%
DeAndre Jordan
0%

You're not logged in!

Compare scores with friends on all Sporcle quizzes.
Join for Free
OR
Log In

You Might Also Like...

Show Comments

Extras

Created Mar 15, 2017ReportNominate
Tags:NBA Quiz, NBA Player

Top Quizzes Today


Score Distribution

Your Account Isn't Verified!

In order to create a playlist on Sporcle, you need to verify the email address you used during registration. Go to your Sporcle Settings to finish the process.

Report this User

Report this user for behavior that violates our Community Guidelines.

Details: